00249nam a2200097Ia 4500008004100000100001800041245004600059260003000105300000800135650000800143191201s2009 xx 000 0 und d aCHANDER, J.S. 0aOrganizational Behavior MBA 2.26 DE SEM.2 aN. DelhibVikas Pubc2009 a296 aMBA